| 000 | 00462nam a2200145Ia 4500 | ||
|---|---|---|---|
| 003 | OSt | ||
| 005 | 20260202100938.0 | ||
| 008 | 211028s2018 xx 000 0 und d | ||
| 040 | _cAIMIT LIBRARY | ||
| 041 | _aeng | ||
| 100 |
_aFrank, Viola; Rose, Swapna. _g1616224 _97976 |
||
| 245 | _aEmpirical study on factors affecting employees job satisfaction among enployees of Athena hospital Mangalore / | ||
| 260 |
_aMangalore _bSwapna Rose. _c2018 |
||
| 942 |
_2ddc _cPRO |
||
| 999 |
_c219544 _d219544 |
||